Stacje Naziemnej Bezpłatnej Telewizji Cyfrowej - Statystyki

Ogólne statystyki
  • Ten quiz został rozwiązany 37 razy
    31 od ostatniego zresetowania
  • Średni wynik to 29 z 73
Statystyki odpowiedzi
Typ Nazwa % Poprawnych
Ogólny Polsat
100%
Ogólny TVN
100%
Ogólny TVP 1
100%
Ogólny TVP 2
100%
Regionalny TVP 3
96%
Dziecięcy TVP ABC
88%
Ogólny TV4
85%
Sportowy TVP Sport
85%
Dokumentalny TVP Historia
81%
Ogólny TVN 7
77%
Informacyjny TVP Info
77%
Kulturowy TVP Kultura
77%
Ogólny TV Puls
77%
Muzyczny Eska TV
73%
Ogólny TTV
73%
Regionalny TVT
73%
Religijny TV Trwam
73%
Muzyczny Polo TV
69%
Rozrywkowy TVP Rozrywka
69%
Ogólny Puls 2
65%
Ogólny TVP Polonia
65%
Naukowy TVP Nauka
62%
Ogólny WP
62%
Ogólny Super Polsat
58%
Ogólny TV6
58%
Dokumentalny TVP Dokument
58%
Ogólny Metro
54%
Informacyjny Republika
54%
Ogólny wPolsce24
50%
Ogólny Antena
46%
Dziecięcy TVP ABC 2
46%
Ogólny Zoom TV
46%
Filmowy Stopklatka
42%
Dokumentalny TVP Historia 2
42%
Informacyjny TVP Kobieta
42%
Kulturowy TVP Kultura 2
42%
Naukowy Fokus TV
38%
Młodzieżowy Alfa TVP
35%
Ogólny Nowa TV
35%
Informacyjny TVP World
35%
Informacyjny Wydarzenia24
35%
Tele-Zakupy TV Okazje
31%
Informacyjny TV Republika
27%
Informacyjny Polsat News Polityka
19%
Testowy Test6
19%
Poradnikowy Bielsat TV
15%
Regionalny ECHO24
15%
Testowy Test5
15%
HbbTV EMI TV
12%
Filmowy Filmax
12%
Muzyczny Power TV
12%
Muzyczny Stars TV
12%
Regionalny TVC
12%
HbbTV CDA Premium
8%
HbbTV EMI Radio
8%
Dom i ogród Home TV
8%
Muzyczny Szlagier TV
8%
Regionalny TV Regionalna
8%
HbbTV Sklep Kapitan
4%
Testowy Test211
4%
Testowy Test212
4%
Testowy Test213
4%
Testowy Test214
4%
Testowy Test215
4%
Dziecięcy Top Kids JR
4%
Regionalny TV Bolesławiec
4%
Regionalny TV Dami Jelenia Góra
4%
HbbTV TVP GO
4%
Styl życia Dolce Vita TV
0%
Ogólny LTR Lituanica
0%
Ogólny Perszyj (UA)
0%
HbbTV Polsat HbbTV
0%
Informacyjny TV Republika Plus
0%
Nie znaleziono quizów pasujących do podanych kryteriów
Rozkład punktacji
Procent ludzi z każdym wynikiem
Percentyl według liczby udzielonych odpowiedzi
Twoja historia wyników
Nie rozwiązałeś tego quizu od ostatniego zresetowania